00501nam a22001697a 450000500170000001000150001702000260003203500130005803700130007108200110008410000220009524500550011726000420017227000720021430000260028650000190031220151127105614.0 aENG-114222 a9789350353318c250.00 aEN-97754 bDBAD/PUB a342.54 aChaudhary, V.K.S. aThe law and burning problems /cby V.K.S.Chaudhary aDelhibUniversal Law Publishingc2013 aC-FF-1A, Dilkhush Industrial Estate, G.T.Karnal RoadbDelhie110033 axviii,116p.c23cm(Hb) aIncludes index